000 00560nam a2200181 a 4500
001 000022559
005 20240301132705.0
008 101013s2007 dr 000 0 spa d
020 _a9789945160994
040 _aDO-SdBNP
_bspa
_cBNPHU
082 _axxx
_bR696f
100 1 _aRodríguez, Emmanuel A.,
_d1963-
_946435
245 1 0 _aFuan fua y otras peripecias /
_cEmmanuel A. Rodríguez.
260 _aSanto Domingo :
_bBúho,
_c2007.
300 _a77 p. ;
_c21 cm.
500 _aIncluye datos biográficos del autor en la solapa de la cubierta
049 _aBNPD
999 _c22056
_d22056